000 00569nab#a2200193#c#4500
999 _c87983
_d87983
003 IEF
005 20191204131905.0
008 950704s1976 uuu|| #####0 b| |u
040 _aIEF
_cES-MaIEF
100 1 _aSoriano Flores de Lemus, Julián
_941905
245 _aAntonio Flores de Lemus en perspectiva
_c Julián Soriano Flores de Lemus
260 _c1976
650 4 _aHOMENAJES
_945439
650 4 _aFLORES DE LEMUS, ANTONIO (1876-1941)
_944347
773 0 _tHacienda pública española
_w34570
_g42-43, p. 19-21
942 _2udc
942 _2udc